00282 a2200133 4500001000700000020001800007040001100025100001700036240003500053245003000088300000800118362000900126440001300135172099 a85-262-2032-2 cMagnum aCarr, Stella10aEstranhas luzes no bosquelpor10aEstranhas luzes no bosque a1200 a1993 1aScipione